[Event "Durban CC-ch B"]
[Site "Durban"]
[Date "2019.05.16"]
[Round "9.3"]
[White "Khan, John M"]
[Black "Nowbath, Hemant"]
[Result "1-0"]
[WhiteElo "1319"]
[BlackElo "1286"]
[PlyCount "85"]
[EventDate "2019.03.14"]
[EventType "tourn"]
[EventRounds "9"]
[EventCountry "RSA"]
[SourceTitle "EXT 2024"]
[Source "ChessBase"]
[SourceDate "2023.10.10"]
[SourceVersion "1"]
[SourceVersionDate "2023.10.10"]
[SourceQuality "1"]

1. d4 d5 2. Nc3 Nf6 3. Bf4 a6 4. e3 Nc6 5. Bd3 e6 6. Nf3 Bb4 7. a3 Bxc3+ 8. bxc3 b5 9. Ne5 Bb7 10. a4 b4 11. Nxc6 Bxc6 12. cxb4 0-0 13. 0-0 g6 14. Qe2 Bb7 15. Bg5 Kg7 16. h4 Qd6 17. Qf3 Qe7 18. g4 h6 19. Bxf6+ Qxf6 20. Qxf6+ Kxf6 21. f4 Rad8 22. a5 Rd6 23. Rac1 Kg7 24. c4 dxc4 25. Rxc4 c6 26. Rc5 f5 27. gxf5 exf5 28. Re5 Kf6 29. Kf2 Rd5 30. Rg1 Rxe5 31. dxe5+ Kg7 32. h5 g5 33. fxg5 hxg5 34. Rxg5+ Kh6 35. Rxf5 Rd8 36. Be2 Bc8 37. Rf6+ Kg7 38. Rxc6 Re8 39. h6+ Kh8 40. Bxa6 Bxa6 41. Rxa6 Rxe5 42. Rb6 Re7 43. b5 1-0

[Event "Durban CC-ch B"]
[Site "Durban"]
[Date "2019.05.02"]
[Round "7.2"]
[White "Msimango, Senzo"]
[Black "Nowbath, Hemant"]
[Result "0-1"]
[WhiteElo "1393"]
[BlackElo "1286"]
[PlyCount "84"]
[EventDate "2019.03.14"]
[EventType "tourn"]
[EventRounds "9"]
[EventCountry "RSA"]
[SourceTitle "EXT 2024"]
[Source "ChessBase"]
[SourceDate "2023.10.10"]
[SourceVersion "1"]
[SourceVersionDate "2023.10.10"]
[SourceQuality "1"]

1. e4 e5 2. Nf3 Nc6 3. Bb5 d6 4. 0-0 a6 5. Ba4 Bg4 6. c3 Nf6 7. Re1 Be7 8. d4 exd4 9. cxd4 0-0 10. Bc2 Nb4 11. Bb3 a5 12. a3 Nc6 13. Qd3 Bxf3 14. gxf3 Nh5 15. Kh1 Bg5 16. Be3 Qf6 17. Bxg5 Qxg5 18. Qe3 Qf6 19. e5 dxe5 20. dxe5 Nxe5 21. Nd2 Ng6 22. Rab1 Nh4 23. Qe5 Qxe5 24. Rxe5 Nf6 25. Re7 Rad8 26. Ne4 Nxe4 27. fxe4 Rd2 28. Kg1 Rd4 29. Rc1 c6 30. e5 Re4 31. e6 fxe6 32. Rxb7 Rf6 33. h3 Re2 34. Rb8+ Kf7 35. Rb7+ Kg6 36. Kh1 Rfxf2 37. Rg1+ Kf6 38. Rg3 Rf1+ 39. Rg1 Rxg1+ 40. Kxg1 Rxb2 41. a4 Nf3+ 42. Kf1 Nd4 0-1